Michael Myers - A Halloween King - Statistics

General Stats
  • This quiz has been taken 287 times
  • The average score is 8 of 13
Answer Stats
Question Answer % Correct
Which number film didn’t have Michael Myers in? 3
90%
How many people did Michael kill in Halloween 1? 5
85%
How many times did his psychiatrist say he shot Michael in their first violent meeting? 6
82%
Who was Michael’s psychiatrist? (First,Last) Samuel Loomis
74%
In the first Halloween film who does Michael search our to kill? (First, Last) Laurie Strode
72%
What was the name of Michael’s sister he murdered? Judith
67%
City and State the films surround? Haddonfield Illinois
64%
What celebrity face was Michael’s mask made inspired by? William Shatner
56%
The iconic scene Micheal brakes through what while Jamie Lee struggles? Closet
54%
Michael’s nickname, as a child would say? The Boogeyman
39%
What does Jamie Lee Curtis first stun Michael with in the first Halloween? Knitting needle
30%
The movie playing when Michael first reunites with his favorite weapon in Halloween 2? Night of the living dead
22%
The type of vehicle Michael steals from the psych ward? Station wagon
22%
No matching quizzes found
Score Distribution
Percent of People with Each Score
Percentile by Number Answered
Your Score History
You have not taken this quiz